000 00787nam a22002177a 4500
003 dpl
005 20231220153637.0
008 231204b |||||||| |||| 00| 0 eng d
010 _aB-756012-017 Eng 18.10.23
020 _a9780143455264
_c299.00
035 _aB-756012-017
040 _c0
082 _aN
100 _4Doyle, Conan
245 _aSherlock Holmes;
_bThe Complete Novels/
_cConan Doyle
260 _aHaryana
_bPenguin Metro Reads
_c2022
270 _a4th Floor, Capital Tower 1, MG Road Gurugram
_bHaryana
_e122002
300 _a495p.
_c21cm(Pbk)
942 _2ddc
_cEN
_hN
_mDOY
999 _c199403
_d199403